Применение технологий высокочастотной идентификации в задачах учета и контроля ядерных материалов; VIII Школа-конференция молодых атомщиков Сибири

書誌詳細
Parent link:VIII Школа-конференция молодых атомщиков Сибири.— 2017.— [1 с.]
第一著者: Неволин Н. Р.
団体著者: Национальный исследовательский Томский политехнический университет (ТПУ)
要約:Заглавие с экрана
言語:ロシア語
出版事項: 2017
シリーズ:Ядерные технологии - шаг в будущее (для школьников)
主題:
オンライン・アクセス:http://earchive.tpu.ru/handle/11683/42514
フォーマット: MixedMaterials 電子媒体 図書の章
KOHA link:https://koha.lib.tpu.ru/cgi-bin/koha/opac-detail.pl?biblionumber=623703

MARC

LEADER 00000naa2a2200000 4500
001 623703
005 20231101133257.0
035 |a (RuTPU)RU\TPU\conf\22719 
035 |a RU\TPU\conf\22718 
090 |a 623703 
100 |a 20170830d2017 k y0rusy50 ca 
101 0 |a rus 
102 |a RU 
105 |a y z 101zy 
135 |a drgn ---uucaa 
181 0 |a i  
182 0 |a b 
200 1 |a Применение технологий высокочастотной идентификации в задачах учета и контроля ядерных материалов  |f Н. Р. Неволин 
203 |a Текст  |c электронный 
225 1 |a Ядерные технологии - шаг в будущее (для школьников) 
230 |a 1 компьютерный файл (pdf; 394 Kb) 
300 |a Заглавие с экрана 
463 0 |0 (RuTPU)RU\TPU\conf\21931  |t VIII Школа-конференция молодых атомщиков Сибири  |o сборник тезисов докладов, 17-19 мая 2017 г., г. Томск  |f Росатом [и др.]  |v [1 с.]  |d 2017 
610 1 |a труды учёных ТПУ 
610 1 |a электронный ресурс 
610 1 |a ядерные технологии 
610 1 |a радиоактивные отходы 
610 1 |a ядерное топливо 
610 1 |a облучение 
610 1 |a идентификация 
700 1 |a Неволин  |b Н. Р. 
712 0 2 |a Национальный исследовательский Томский политехнический университет (ТПУ)  |c (2009- )  |2 stltpush  |3 (RuTPU)RU\TPU\col\15902 
801 2 |a RU  |b 63413507  |c 20170904  |g RCR 
856 4 |u http://earchive.tpu.ru/handle/11683/42514 
942 |c BK